| 000 | 00746nam a2200193 i 4500 | ||
|---|---|---|---|
| 001 | 161684 | ||
| 003 | ES-MaACL | ||
| 005 | 20251116063110.0 | ||
| 008 | 041025s1882 pr |||| | spa d | ||
| 040 |
_aCAM _bspa _cCAM |
||
| 100 | 1 |
_aPeñaranda Carlos, _d1848-1908 _9131101 |
|
| 245 | 1 | 3 |
_aEl obrero de Maguncia _b: ensayo dramatico en tres actos y en verso / _coriginal de Cárlos Peñaranda. |
| 260 |
_aMayagüez : _bFernandez y Gauthier, _c1882. |
||
| 300 |
_a75 p. ; _c21 cm. |
||
| 500 | _aPremiado con medalla de oro en el Certámen literario de la Féria-Exposición de Ponce, verificado el 12 de julio de 1882. | ||
| 852 |
_aES-MaACL _jT-374-F-4 _z-- Enc. hol. |
||
| 852 |
_aES-MaACL _jT-373-F-14 |
||
| 999 |
_c161684 _d161684 |
||